| 000 | 02122nam a2200301Ia 4500 | ||
|---|---|---|---|
| 008 | 130821s1944 xx gs mul | ||
| 040 |
_aCo-BoUCM _bspa |
||
| 041 | 0 | 0 | _aspa°aeng°apor°afre |
| 092 | _aDVD 0464 | ||
| 245 | 1 | 0 |
_aHenry V _c[DVD] |
| 260 |
_a[Lugar desconocido] _bTwo Cities Films _c1944 |
||
| 300 | _a1 DVD | ||
| 500 | _aSINOPSIS: El joven rey Enrique V, poco después de su coronación, desea recuperar algunos territorios en poder de Francia. Ante la imposibilidad de llegar a un acuerdo con el monarca francés, lleva a sus soldados a Agincourt, donde, en una feroz batalla, se impondrá la valentía y la sabiduría del rey inglés. | ||
| 508 | _aCREDITOS: Director, Laurence Olivier; Guión: Laurence Olivier, Alan Dent, según la obra de Shakespeare; Producción: Dallas Coger, Eagle-Lion y Two Cities Films; Productor: Laurence Olivier y Filippo del Giudice; Fotografía: Robert Krasker y Jack Hildyard; Montaje Reginald Beck; Música original, William Walton. | ||
| 511 | _aLeslie Banks, Felix Aylmer, Robert Helpmann, Vernon Greeves, Gerald Case, Griffith Jones, Morland Graham, Nicholas Hannen, Michael Warre, Laurence Olivier, Ralph Truman, Ernest Thesiger, Roy Emerton, Robert Newton, Freda Jackson, George Cole, George Robey, Harcourt Williams, Russell Thorndike, Leo Genn, Francis Lister, Max Adrian, Jonathan Field, Esmond Knight. | ||
| 546 | _aAudio en Inglés. Subtítulos en Español. | ||
| 650 | 0 | 4 |
_aEntretenimiento _926487 |
| 650 | 0 | 4 |
_aLiteratura europea _926524 |
| 650 | 0 | 4 |
_aLiteratura inglesa _vVersiones cinematográficas _vDVD _9272 |
| 650 | 0 | 4 |
_aPelículas cinematográficas _vDVD _vVersiones cinematográficas _vDVD |
| 650 | 0 | 4 |
_aPelículas cinematográficas _zReino Unido _vDVD _97903 |
| 700 | 1 |
_aOlivier, Laurence Kerr _d1907-1989 _edir. |
|
| 700 | 1 |
_aShakespeare, William _d1564-1616 |
|
| 710 | 2 | _aTwo Cities Films | |
| 765 | 4 | _aThe Chronicle History of King Henry the Fift with His Battell Fought at Agincourt in France (Henry V) | |
| 856 | 0 | 4 |
_uhttp://www.youtube.com/watch?v=K_xaHuelVj8 _zSiga este vínculo para ver el trailer. |
| 942 |
_cMULTIMEDIA _2LOCAL _a18 _e1 |
||
| 999 |
_c60737 _d60737 |
||